000 00340nam a2200121Ia 4500
008 210430s9999 xx 000 0 und d
082 _a541.33 C5141 C
100 _aSurya N. Bulusu
_953007
245 _aChemistry and Physics of Energetic Materials
_cSurya N. Bulusu
260 _aLondon
_bKluwer
_c1990
300 _a764p
942 _cBK
_2ddc
999 _c562545
_d562545